LIBRARY & INFORMATION CENTRE, KCAET, TAVANUR

ONLINE PUBLIC ACCESS CATALOGUE (OPAC)

Colleagues / (Record no. 11506)

MARC details
000 -LEADER
fixed length control field 00370cam a2200145ua 4500
041 ## - LANGUAGE CODE
Language code of text/sound track or separate title eng
082 ## - DEWEY DECIMAL CLASSIFICATION NUMBER
Classification number 823.308
Item number AKS/CO
100 ## - MAIN ENTRY--AUTHOR NAME
Personal name Aksyonov, Vasily .
245 ## - TITLE STATEMENT
Title Colleagues /
260 ## - PUBLICATION, DISTRIBUTION, ETC. (IMPRINT)
Place of publication Moscow :
Name of publisher Foreign Language Publishing House ,
Year of publication 1959.
300 ## - PHYSICAL DESCRIPTION
Number of Pages 317 ; .
942 ## - ADDED ENTRY ELEMENTS (KOHA)
Koha item type Books
Holdings
Withdrawn status Lost status Damaged status Home library Current library Date acquired Full call number Accession Number Koha item type
Withdrawn     KAUAET Sanskrit University 07/04/2012 823.308 9113 Books
free website counter